Манипулятор в художественном производстве; Современные техника и технологии; Т. 1

Bibliografiset tiedot
Parent link:Современные техника и технологии: сборник трудов XVI Международной научно-практической конференции студентов, аспирантов и молодых ученых, Томск, 12-16 апреля 2010 г/ Национальный исследовательский Томский политехнический университет (ТПУ).— , 2010
Т. 1.— 2010.— [С. 456-458]
Päätekijä: Ни А. Э.
Muut tekijät: Соколов А. П. Александр Петрович
Yhteenveto:Заглавие с титульного листа
Электронная версия печатной публикации
Kieli:venäjä
Julkaistu: 2010
Aiheet:
Linkit:http://www.lib.tpu.ru/fulltext/v/Conferences/2010/K04/104232.pdf
Aineistotyyppi: Elektroninen Kirjan osa
KOHA link:https://koha.lib.tpu.ru/cgi-bin/koha/opac-detail.pl?biblionumber=228618

MARC

LEADER 00000nla2a2200000 4500
001 228618
005 20240206125722.0
035 |a (RuTPU)RU\TPU\book\249095 
035 |a RU\TPU\book\249088 
090 |a 228618 
100 |a 20121220d2010 k y0rusy50 ca 
101 0 |a rus 
102 |a RU 
105 |a y z 101zy 
135 |a drnn ---uucaa 
181 0 |a i  
182 0 |a b 
200 1 |a Манипулятор в художественном производстве  |f А. Э. Ни, А. П. Соколов 
203 |a Текст  |c электронный 
215 |a 1 файл (459 Кб) 
300 |a Заглавие с титульного листа 
300 |a Электронная версия печатной публикации 
337 |a Adobe Reader 
461 0 |0 (RuTPU)RU\TPU\book\245271  |t Современные техника и технологии  |o сборник трудов XVI Международной научно-практической конференции студентов, аспирантов и молодых ученых, Томск, 12-16 апреля 2010 г  |o в 3 т.  |f Национальный исследовательский Томский политехнический университет (ТПУ)  |d 2010 
463 0 |0 (RuTPU)RU\TPU\book\245275  |t Т. 1  |v [С. 456-458]  |d 2010  |p [511 с.] 
610 1 |a художественные изделия 
610 1 |a манипуляторы 
610 1 |a краны 
610 1 |a роботы 
610 1 |a роботы манипуляторы 
610 1 |a блок-схемы 
610 1 |a электронный ресурс 
610 1 |a труды учёных ТПУ 
700 1 |a Ни  |b А. Э. 
701 1 |a Соколов  |b А. П.  |c специалист в области машиностроения  |c доцент Томского политехнического университета, кандидат технических наук  |f 1956-  |g Александр Петрович  |3 (RuTPU)RU\TPU\pers\26503  |9 12205 
801 1 |a RU  |b 63413507  |c 20121116 
801 2 |a RU  |b 63413507  |c 20130503  |g RCR 
856 4 |u http://www.lib.tpu.ru/fulltext/v/Conferences/2010/K04/104232.pdf 
942 |c CF